| 000 | 00438nam a22000977a 4500 | ||
|---|---|---|---|
| 082 |
_a348.5491046 _bPAK |
||
| 245 |
_aPakistan Annual Law Digest 2006: _ba yearly publication containing digest of cases reported in all the law journals published in the country and Azad Jammu & Kashmir during the year / _cEdited By Muhammad Anwar Khokhar & H.B. Tanvir |
||
| 260 |
_aLahore : _bPLD Publishers, _c2006. |
||
| 300 | _avolume | ||
| 942 |
_2ddc _cCR _s1 |
||
| 999 |
_c593066 _d593066 |
||